Encyclopaedia of epigraphy (Record no. 394790)

MARC details
000 -LEADER
fixed length control field 00478 a2200193 4500
005 - DATE & TIME
control field 20260202161858.0
008 - FIXED-LENGTH DATA ELEMENTS--GENERAL INFORMATION
fixed length control field 260202b |||||||| |||| 00| 0 eng d
020 ## - ISBN
International Standard Book Number 9789365537024
Price Rs. 2195.00
040 ## - CATALOGING SOURCE
Original cataloging agency VIVEKANANDA LIBRARY
082 ## - DDC NUMBER
Classification number 411
Book Number B469E
100 ## - MAIN ENTRY--PERSONAL NAME
Personal name Bhuyan, Dipankar
245 ## - TITLE STATEMENT
Title Encyclopaedia of epigraphy
260 ## - PUBLICATION, DISTRIBUTION, ETC. (IMPRINT)
Name of publisher, distributor, etc ABD Publishers
Date of publication, distribution, etc 2025
Place of publication, distribution, etc Jaipur
300 ## - PHYSICAL DESCRIPTION
Pages 304
650 ## - Subject
Subject Language
650 ## - Subject
Subject Epigraphy
650 ## - Subject
Subject Indian Inscription
942 ## - ADDED ENTRY ELEMENTS (KOHA)
Koha item type Books
Holdings
Withdrawn status Lost status Source of classification or shelving scheme Damaged status Not for loan Location (home branch) Sublocation or collection (holding branch) Shelving location Date acquired Koha issues (times borrowed) Koha full call number Accession No. Koha date last seen Koha item type
    Dewey Decimal Classification     VIVEKANANDA LIBRARY VIVEKANANDA LIBRARY Vivekananda Library 07/01/2026   411 B469E 443933 07/01/2026 Books
© Designed and Maintained by Vivekananda Library, MDU Rohtak